[Event "Titled Tuesday intern op 30th Aug Late"]
[Site "Chess.com INT"]
[Date "2022.08.30"]
[Round "9"]
[White "Camacho Martinez, Guillermo"]
[Black "Fishbein, Alexander"]
[Result "1/2-1/2"]
[WhiteElo "2305"]
[BlackElo "2405"]
[PlyCount "144"]
[EventDate "2022.08.30"]
[EventType "swiss (blitz)"]
[EventRounds "11"]
[EventCountry "USA"]
[SourceTitle "EXT 2023"]
[Source "ChessBase"]
[SourceDate "2022.10.05"]
[SourceVersion "1"]
[SourceVersionDate "2022.10.05"]
[SourceQuality "1"]

1. d4 Nf6 2. c4 g6 3. Nc3 Bg7 4. e4 0-0 5. f3 d6 6. Be3 c5 7. dxc5 dxc5 8. Qxd8 Rxd8 9. Bxc5 Nc6 10. Nge2 b6 11. Ba3 e6 12. Nf4 Ba6 13. Nb5 Bxb5 14. cxb5 Nd4 15. Rc1 Bh6 16. g3 Nxf3+ 17. Kf2 Ne5 18. Ke3 Neg4+ 19. Kf3 Rd2 20. Be2 Ne5+ 21. Ke3 Rad8 22. h3 R8d3+ 23. Bxd3 Rxd3+ 24. Ke2 Rxa3 25. bxa3 Nxe4 26. Rc8+ Kg7 27. Rg1 Nd6 28. Rc7 Nxb5 29. Nxe6+ Kf6 30. Rf1+ Kxe6 31. Rb7 Nd4+ 32. Kd1 Nc4 33. Re1+ Kd5 34. Rd7+ Kc5 35. Ree7 Ne3+ 36. Ke1 f5 37. Rc7+ Kd5 38. Red7+ Ke4 39. Re7+ Kd3 40. Rcd7 Bg5 41. Rxh7 f4 42. gxf4 Bxf4 43. Kf2 Ke4 44. Rhe7+ Kd3 45. Rxd4+ Kxd4 46. Rxa7 Nf5 47. Kf3 Bd6 48. Rb7 Bc5 49. a4 Kd5 50. Rd7+ Kc6 51. Rf7 Kd5 52. Rf6 Kc4 53. Kf4 Nd4 54. Ke4 Ne2 55. Rxg6 Nc3+ 56. Kf3 Nxa4 57. h4 Bd4 58. h5 Nc5 59. h6 Nd7 60. Rg4 Ne5+ 61. Kf4 Nxg4 62. Kxg4 Kc3 63. Kf5 Kb2 64. Ke4 Bh8 65. Kd5 Kxa2 66. Kc6 Kb3 67. Kxb6 Kc4 68. Kc6 Kd4 69. Kd7 Ke5 70. Ke7 Kf5 71. Kf7 Kg5 72. Kg8 Kxh6 1/2-1/2

[Event "Titled Tuesday intern op 02nd Mar"]
[Site "Chess.com INT"]
[Date "2021.03.02"]
[Round "3"]
[White "Ceres, Dragos"]
[Black "Camacho Martinez, Guillermo"]
[Result "1-0"]
[WhiteElo "2244"]
[BlackElo "2305"]
[PlyCount "57"]
[EventDate "2021.03.02"]
[EventType "swiss (blitz)"]
[EventRounds "11"]
[EventCountry "USA"]
[SourceTitle "CBM 201 Extra"]
[Source "ChessBase"]
[SourceDate "2021.05.31"]
[SourceVersion "1"]
[SourceVersionDate "2021.05.31"]
[SourceQuality "1"]

1. e4 c5 2. Nf3 d6 3. d4 cxd4 4. Nxd4 Nf6 5. Nc3 g6 6. Be2 Bg7 7. Be3 0-0 8. Qd2 Ng4 9. Bxg4 Bxg4 10. f3 Bd7 11. 0-0-0 Nc6 12. h4 Ne5 13. b3 Rc8 14. Kb1 e6 15. h5 Qe7 16. Bg5 f6 17. Be3 g5 18. g3 h6 19. f4 Ng4 20. Bg1 Bc6 21. Qe2 Rc7 22. Qxg4 f5 23. Qe2 Qf6 24. fxg5 hxg5 25. h6 Bxh6 26. Nxc6 Rxc6 27. Bd4 Qg6 28. exf5 exf5 29. Nd5 1-0

[Event "Titled Tuesday intern op 23rd Feb"]
[Site "Chess.com INT"]
[Date "2021.02.23"]
[Round "8"]
[White "Guimaraes, Diogo Duarte"]
[Black "Camacho Martinez, Guillermo"]
[Result "1-0"]
[WhiteElo "2248"]
[BlackElo "2305"]
[PlyCount "83"]
[EventDate "2021.02.23"]
[EventType "swiss (blitz)"]
[EventRounds "11"]
[EventCountry "USA"]
[SourceTitle "CBM 200 Extra"]
[Source "ChessBase"]
[SourceDate "2021.03.31"]
[SourceVersion "1"]
[SourceVersionDate "2021.03.31"]
[SourceQuality "1"]

1. e4 c5 2. Nf3 d6 3. d4 cxd4 4. Nxd4 Nf6 5. Nc3 g6 6. Be3 Bg7 7. f3 0-0 8. Qd2 Nc6 9. 0-0-0 d5 10. Nxc6 bxc6 11. Bh6 Be6 12. g4 dxe4 13. Qg5 Bxh6 14. Qxh6 Qa5 15. a3 Rab8 16. h4 exf3 17. h5 g5 18. Bd3 Qe5 19. Rhe1 Qf4+ 20. Kb1 Bd5 21. Bf5 f2 22. Nxd5 cxd5 23. Rf1 Rb7 24. Rd3 Qe5 25. Rb3 Rxb3 26. cxb3 Qf4 27. Ka2 e6 28. Bc2 e5 29. Bd3 e4 30. Bb5 Nxg4 31. Qc6 Ne3 32. Rh1 f1Q 33. Bxf1 Nxf1 34. Qxd5 Ng3 35. Rg1 e3 36. Qd3 e2 37. h6 Re8 38. Re1 Qe5 39. a4 Nh1 40. Qf3 Qe6 41. Qxh1 Qg6 42. Rxe2 1-0

[Event "Titled Tuesday intern op 23rd Feb"]
[Site "Chess.com INT"]
[Date "2021.02.23"]
[Round "4"]
[White "Jain, Naveen"]
[Black "Camacho Martinez, Guillermo"]
[Result "0-1"]
[WhiteElo "2032"]
[BlackElo "2305"]
[PlyCount "54"]
[EventDate "2021.02.23"]
[EventType "swiss (blitz)"]
[EventRounds "11"]
[EventCountry "USA"]
[SourceTitle "CBM 200 Extra"]
[Source "ChessBase"]
[SourceDate "2021.03.31"]
[SourceVersion "1"]
[SourceVersionDate "2021.03.31"]
[SourceQuality "1"]

1. c4 Nf6 2. g3 g6 3. Bg2 c6 4. Nf3 Bg7 5. 0-0 0-0 6. Nc3 d5 7. cxd5 cxd5 8. d4 Ne4 9. Ne5 Nxc3 10. bxc3 Nc6 11. Nxc6 bxc6 12. e4 Rb8 13. Re1 dxe4 14. Bxe4 c5 15. Bf4 Rb5 16. Bd3 Ra5 17. Be5 cxd4 18. cxd4 Bxe5 19. Rxe5 Rxe5 20. dxe5 Be6 21. Be4 Qa5 22. Qd4 Rd8 23. Qb2 Rd2 24. Qb8+ Kg7 25. Bg2 Qc5 26. Rf1 Bc4 27. e6 Bxf1 0-1

[Event "Titled Tuesday intern op 23rd Feb"]
[Site "Chess.com INT"]
[Date "2021.02.23"]
[Round "7"]
[White "Novikov, Evgenij"]
[Black "Camacho Martinez, Guillermo"]
[Result "1-0"]
[WhiteElo "2276"]
[BlackElo "2305"]
[PlyCount "87"]
[EventDate "2021.02.23"]
[EventType "swiss (blitz)"]
[EventRounds "11"]
[EventCountry "USA"]
[SourceTitle "CBM 200 Extra"]
[Source "ChessBase"]
[SourceDate "2021.03.31"]
[SourceVersion "1"]
[SourceVersionDate "2021.03.31"]
[SourceQuality "1"]

1. e4 c5 2. Nf3 d6 3. d4 cxd4 4. Nxd4 Nf6 5. Bd3 g6 6. c4 Bg7 7. 0-0 0-0 8. Nc3 Nc6 9. Nxc6 bxc6 10. Rb1 Nd7 11. Qc2 Nc5 12. Be3 Nxd3 13. Qxd3 Be6 14. Bd4 Bxd4 15. Qxd4 Qb6 16. Qd3 a5 17. b3 Rfb8 18. h4 Rd8 19. h5 Qc5 20. hxg6 hxg6 21. g3 a4 22. Kg2 axb3 23. axb3 d5 24. cxd5 cxd5 25. b4 Qc6 26. e5 d4+ 27. Ne4 Bf5 28. Rfe1 Ra2 29. Qf3 d3 30. Nf6+ exf6 31. Qxc6 d2 32. Rh1 Bxb1 33. Qxf6 Be4+ 34. Kh2 Bxh1 35. Qxd8+ Kh7 36. e6 d1Q 37. Qxd1 Be4 38. exf7 Rxf2+ 39. Kh3 Rxf7 40. Qd4 Bf5+ 41. g4 Be6 42. b5 Rf3+ 43. Kg2 Rb3 44. Qd6 1-0

[Event "Havana Fernandez Memorial 2nd Alfil"]
[Site "Havana"]
[Date "2007.04.11"]
[Round "8"]
[White "Camacho Martinez, Guillermo"]
[Black "Otero Acosta, Diasmany"]
[Result "1/2-1/2"]
[WhiteElo "2358"]
[BlackElo "2366"]
[PlyCount "20"]
[EventDate "2007.04.04"]
[EventType "tourn"]
[EventRounds "10"]
[EventCountry "CUB"]
[EventCategory "3"]
[SourceTitle "EXT 2019"]
[Source "ChessBase"]
[SourceDate "2018.10.10"]
[SourceVersion "1"]
[SourceVersionDate "2018.10.10"]
[SourceQuality "1"]

1. e4 c5 2. Nf3 e6 3. d4 cxd4 4. Nxd4 Nf6 5. Bd3 Nc6 6. Nxc6 bxc6 7. 0-0 d5 8. Nd2 Be7 9. exd5 exd5 10. c4 0-0 1/2-1/2

[Event "Havana Fernandez Memorial 2nd Alfil"]
[Site "Havana"]
[Date "2007.04.06"]
[Round "3"]
[White "Otero Acosta, Diasmany"]
[Black "Camacho Martinez, Guillermo"]
[Result "1/2-1/2"]
[WhiteElo "2366"]
[BlackElo "2358"]
[PlyCount "70"]
[EventDate "2007.04.04"]
[EventType "tourn"]
[EventRounds "10"]
[EventCountry "CUB"]
[EventCategory "3"]
[SourceTitle "EXT 2019"]
[Source "ChessBase"]
[SourceDate "2018.10.10"]
[SourceVersion "1"]
[SourceVersionDate "2018.10.10"]
[SourceQuality "1"]

1. d4 Nf6 2. c4 e6 3. Nc3 Bb4 4. f3 d5 5. a3 Bxc3+ 6. bxc3 c5 7. cxd5 Nxd5 8. Qd2 cxd4 9. cxd4 f5 10. e3 0-0 11. Bd3 f4 12. exf4 Nxf4 13. Be4 Nc6 14. Bb2 Na5 15. g3 Nd5 16. Qd3 Bd7 17. Ne2 Qb6 18. Bc3 Bb5 19. Bxa5 Bxd3 20. Bxb6 Bxe4 21. fxe4 Nxb6 22. Nf4 Kf7 23. Rc1 Rac8 24. Ke2 Rxc1 25. Rxc1 Rc8 26. Rxc8 Nxc8 27. Kd3 Ke7 28. h4 b5 29. g4 a5 30. e5 Nb6 31. Kc3 Nd5+ 32. Nxd5+ exd5 33. Kd3 Ke6 34. Ke3 Ke7 35. Kd3 Ke6 1/2-1/2

[Event "Cuba "]
[Site "Cuba"]
[Date "1998.??.??"]
[Round "?"]
[White "Camacho Martinez, Guillermo"]
[Black "Otero, Evelio"]
[Result "1/2-1/2"]
[WhiteElo "2300"]
[BlackElo "2385"]
[PlyCount "30"]
[EventDate "1998.??.??"]
[EventType "game"]
[EventRounds "1"]
[EventCountry "CUB"]
[SourceTitle "EXT 2010"]
[Source "ChessBase"]
[SourceDate "2010.11.25"]
[SourceVersion "1"]
[SourceVersionDate "2010.11.25"]
[SourceQuality "1"]

1. Nf3 Nf6 2. c4 e6 3. g3 d5 4. Bg2 dxc4 5. Qa4+ Nbd7 6. Qxc4 c5 7. 0-0 b6 8. Nd4 Ne5 9. Qc2 Rb8 10. Nb5 a6 11. d4 Ned7 12. Na7 Bb7 13. Nc6 Bxc6 14. Bxc6 Qc8 15. Bxd7+ Qxd7 1/2-1/2

[Event "Cuba"]
[Site "Cuba"]
[Date "1998.??.??"]
[Round "?"]
[White "Lopez Hernandez, Carlos Manuel"]
[Black "Camacho Martinez, Guillermo"]
[Result "1/2-1/2"]
[WhiteElo "2325"]
[BlackElo "2300"]
[PlyCount "38"]
[EventDate "1998.??.??"]
[EventType "game"]
[EventRounds "1"]
[EventCountry "CUB"]
[SourceTitle "EXT 2010"]
[Source "ChessBase"]
[SourceDate "2010.11.25"]
[SourceVersion "1"]
[SourceVersionDate "2010.11.25"]
[SourceQuality "1"]

1. e4 c5 2. Nf3 Nc6 3. d4 cxd4 4. Nxd4 e5 5. Nb5 d6 6. N1c3 a6 7. Na3 b5 8. Nd5 Nce7 9. c4 Nxd5 10. cxd5 Be7 11. Bd3 Nf6 12. 0-0 0-0 13. Nc2 Bg4 14. f3 Bd7 15. Be3 Nh5 16. Qd2 Nf4 17. Bxf4 exf4 18. Qxf4 Bg5 19. Qxd6 Be7 1/2-1/2

[Event "CUB-ch sf"]
[Site "Las Tunas"]
[Date "1996.12.17"]
[Round "8"]
[White "Gonzalez, Renier"]
[Black "Camacho Martinez, Guillermo"]
[Result "1-0"]
[WhiteElo "2380"]
[BlackElo "2300"]
[PlyCount "119"]
[EventDate "1996.12.09"]
[EventType "tourn"]
[EventRounds "11"]
[EventCountry "CUB"]
[EventCategory "2"]
[SourceTitle "EXT 2023"]
[Source "ChessBase"]
[SourceDate "2022.10.05"]
[SourceVersion "1"]
[SourceVersionDate "2022.10.05"]
[SourceQuality "1"]

1. e4 c5 2. Nf3 Nc6 3. Bb5 g6 4. 0-0 Bg7 5. Re1 e5 6. c3 Nge7 7. d4 cxd4 8. cxd4 exd4 9. Bf4 a6 10. Ba4 d6 11. Qd3 Bg4 12. Bxc6+ Nxc6 13. Nbd2 Bxf3 14. Nxf3 Be5 15. Bh6 Qe7 16. Rac1 Rc8 17. g3 Rg8 18. Qb3 Rc7 19. Ng5 Bg7 20. Bxg7 Rxg7 21. f4 Nd8 22. Qa4+ Kf8 23. Qxd4 Rxc1 24. Rxc1 f6 25. Nf3 Nc6 26. Qd5 Qd8 27. Kh1 Rd7 28. Rd1 Ke7 29. Rd2 Qe8 30. a3 Qf7 31. Qd3 Qe6 32. Kg2 Rd8 33. b4 Ke8 34. Re2 Kf8 35. Rd2 Rd7 36. h4 Re7 37. Qxd6 Qxd6 38. Rxd6 Rxe4 39. Rxf6+ Kg8 40. Ng5 Re2+ 41. Kf1 Re3 42. Ne6 h5 43. Kf2 Rxa3 44. Rxg6+ Kf7 45. f5 Ne7 46. Ng5+ Kf8 47. Rb6 Ra2+ 48. Kf3 Ra3+ 49. Ke4 Rxg3 50. f6 Rg4+ 51. Ke5 Nc6+ 52. Kf5 Nd8 53. Rd6 Ke8 54. Kg6 Rxh4 55. Rxd8+ Kxd8 56. Ne6+ Kd7 57. f7 Rg4+ 58. Kf5 Rxb4 59. f8Q Rb5+ 60. Kf6 1-0

[Event "CUB-ch sf"]
[Site "Las Tunas"]
[Date "1996.12.15"]
[Round "6"]
[White "Moreno, Alejandro"]
[Black "Camacho Martinez, Guillermo"]
[Result "1/2-1/2"]
[WhiteElo "2400"]
[BlackElo "2300"]
[PlyCount "30"]
[EventDate "1996.12.09"]
[EventType "tourn"]
[EventRounds "11"]
[EventCountry "CUB"]
[EventCategory "2"]
[SourceTitle "EXT 2023"]
[Source "ChessBase"]
[SourceDate "2022.10.05"]
[SourceVersion "1"]
[SourceVersionDate "2022.10.05"]
[SourceQuality "1"]

1. Nf3 d5 2. g3 c6 3. Bg2 Bg4 4. 0-0 Nd7 5. c4 Bxf3 6. Bxf3 Ne5 7. cxd5 Nxf3+ 8. exf3 Qxd5 9. Nc3 Qd7 10. d4 e6 11. Be3 Nf6 12. Qb3 Be7 13. Rfd1 0-0 14. Rac1 Rfd8 15. Ne4 Nd5 1/2-1/2

[Event "CUB-ch sf"]
[Site "Las Tunas"]
[Date "1996.12.11"]
[Round "3"]
[White "Sariego Figueredo, Wilfredo"]
[Black "Camacho Martinez, Guillermo"]
[Result "1/2-1/2"]
[WhiteElo "2400"]
[BlackElo "2300"]
[PlyCount "39"]
[EventDate "1996.12.09"]
[EventType "tourn"]
[EventRounds "11"]
[EventCountry "CUB"]
[EventCategory "2"]
[SourceTitle "EXT 2023"]
[Source "ChessBase"]
[SourceDate "2022.10.05"]
[SourceVersion "1"]
[SourceVersionDate "2022.10.05"]
[SourceQuality "1"]

1. e4 c5 2. c3 Nf6 3. e5 Nd5 4. d4 cxd4 5. Nf3 Nc6 6. Bc4 Nb6 7. Bb3 g6 8. Ng5 d5 9. exd6 e6 10. Qf3 f6 11. Nxe6 Bxe6 12. Qe2 Bxd6 13. Qxe6+ Qe7 14. 0-0 Qxe6 15. Bxe6 dxc3 16. bxc3 Kd8 17. Na3 Re8 18. Bb3 a6 19. Nc2 Kc7 20. Be3 1/2-1/2

[Event "Cuba"]
[Site "Cuba"]
[Date "1987.??.??"]
[Round "?"]
[White "Camacho Martinez, Guillermo"]
[Black "Gonzalez, Nibaldo"]
[Result "1-0"]
[WhiteElo "2225"]
[BlackElo "2270"]
[PlyCount "61"]
[EventDate "1987.??.??"]
[EventType "game"]
[EventRounds "1"]
[EventCountry "CUB"]
[SourceTitle "EXT 2010"]
[Source "ChessBase"]
[SourceDate "2010.11.25"]
[SourceVersion "1"]
[SourceVersionDate "2010.11.25"]
[SourceQuality "1"]

1. e4 c5 2. Nf3 d6 3. d4 cxd4 4. Nxd4 Nf6 5. Nc3 Nc6 6. Bc4 e6 7. Be3 a6 8. Qe2 Qc7 9. Rg1 Be7 10. Bb3 0-0 11. g4 Nd7 12. g5 Nc5 13. Rg3 g6 14. h4 Bd7 15. h5 Nxd4 16. Bxd4 Nxb3 17. axb3 b5 18. Bf6 Bc6 19. 0-0-0 Rfc8 20. Rh1 Bf8 21. Rgh3 Ra7 22. Qg4 Re8 23. Ne2 e5 24. Nc3 b4 25. Nd5 Bxd5 26. exd5 a5 27. Qe4 Re7 28. Bxe7 Bxe7 29. f4 a4 30. hxg6 axb3 31. gxf7+ 1-0